| 000 | 01247nam a2200301Ia 4500 | ||
|---|---|---|---|
| 999 |
_c5299 _d5299 |
||
| 003 | OSt | ||
| 005 | 20200519164016.0 | ||
| 008 | 191128s1971 mx fr 001 0 spa d | ||
| 040 |
_aCO-JMCR _cCO-JMCR |
||
| 041 | 1 |
_aspa _heng |
|
| 082 | 0 | 4 |
_a330 / _bI415c _223 |
| 100 | 1 |
_aIlchman, Warrem F., _eautor _94525 |
|
| 245 | 1 | 0 |
_aLa ciencia política en la economía dinámica / _cWarren F. Ilchman y Norman Thomas Uphoff ; traducción Daniel Vieitez |
| 250 | _aPrimera edición | ||
| 260 |
_aMéxico : _bLimusa, _c1971 |
||
| 300 |
_a326 páginas ; _c22 cm. |
||
| 500 | _aIncluye índice de autores y materias | ||
| 504 | _aBibliografía: páginas 297-314 | ||
| 505 | 0 | _a¿Por qué economía política? -- La nueva economía política -- Los recursos políticos -- El intercambio político -- Inflación y deflación políticas -- Manejo de los recursos políticos -- La acumulación de recursos políticos | |
| 534 | _pThe political economy of change | ||
| 546 | _aTraducido del inglés | ||
| 650 | 1 | 4 |
_aPolítica económica _94526 |
| 650 | 1 | 4 |
_aCiencias políticas _94527 |
| 650 | 1 | 4 |
_aPolítica gubernamental _91835 |
| 700 | 1 |
_aUphoff, Norman Thomas, _eautor _94528 |
|
| 700 | 1 |
_aVieitez, Daniel, _etraductor _94529 |
|
| 942 |
_2ddc _cBK |
||